LEADER 00669naa a2200157 i 4500 001 000000294913 003 CaOOAMICUS 005 20180831172516.0 008 180831n xx u000 u und u 013 $a2190 040 $aSeMil$bita 100 1 $aAdornato, Giselda,$d<1959- >.$0(OLS)http://semarc/name/16301 245 10$aPaolo 6. e le tensioni sociali del suo tempo. 600 04$aPaolo VI .$0(OLS)http://semarc/subject/713 773 0 $aAdornato, Giselda <1959- >$tPaolo 6..$dVigodarzere (PD) : Centro Editoriale Cattolico Carroccio, copyr. 1992.$z88-7974-042-3$w()45707 996 $6245$aPaolo 6. e le tensioni sociali del suo tempo$9(OLS)http://semarc/title/370979 LEADER 00737nam a2200193 i 4500 001 000000238684 003 CaOOAMICUS 005 20150210000000.0 008 150210s1805 it u000 u ger u 013 $a217589 040 $aSeMil$bita 245 10$aErster Band. 300 $aXX, 242, [2] p. 773 0 $tNachrichten über das Erzstift Salzburg nach der Säkularisation In vertrauten Briefen über seine ehemalige und gegenwärtige Verfassung, und Einkünfte, ..$dPassau : bey Niklas Ambrosi, 1805.$g1$w()31357 850 $aSeMil 852 $aSeMil$W1$xVenegono$y1$m3D I 86 FA$j189030$B189030$CSeMilBibl$Z2$F199797 $8I 941 1 $a10 961 $aRecupero: Mantegazza 996 $6245$aErster Band$9(OLS)http://semarc/title/203185